Städte in Schweden - Sudden Death - Statistiken

Allgemein
  • Dieses Quiz wurde 200 mal gespielt
  • Das Durchschnittsergebnis liegt bei 9 aus 15
Answers on the Grid
Answers color-coded by a green-red scale on the quiz's grid according to % correct below.
Stockholm
Malmö
Umeå
Östersund
Uppsala
Falun
Örebro
Göteborg
Kiruna
Linköping
Helsinki
Kalmar
Sundsvall
Oulu
Bergen
Narvik
Borås
Halmstad
Odense
Gävle
Rostock
Tartu
Kolding
Groningen
Winnipeg
Orenburg
Lahti
Kristiansand
Hammerfest
Deventer
 
Antwortstatistiken
Antwort % Korrekt
Stockholm
87%
Malmö
81%
Göteborg
79%
Uppsala
78%
Östersund
67%
Linköping
61%
Örebro
58%
Umeå
57%
Sundsvall
55%
Halmstad
52%
Gävle
44%
Kalmar
40%
Kiruna
39%
Borås
37%
Falun
35%
Keine übereinstimmenden Quizze gefunden
Verteilung der Resultate
Anzahl Personen mit jedem Resultat
Perzentil nach korrekt beantworteten Fragen
Ihre Resultats-Entwicklung
Sie haben dieses Quiz noch nicht gespielt